Microbiology:An Evolving Science (Record no. 14379)
[ view plain ]
| 000 -LEADER | |
|---|---|
| fixed length control field | 00385nam a22001457a 4500 |
| 020 ## - INTERNATIONAL STANDARD BOOK NUMBER | |
| ISBN | 9780393934472 |
| 082 ## - DEWEY DECIMAL CLASSIFICATION NUMBER | |
| Classification number | 576 |
| Item number | JOA/MI |
| 100 ## - MAIN ENTRY--AUTHOR NAME | |
| Personal name | Sloanczewski,Joan L, |
| 100 ## - MAIN ENTRY--AUTHOR NAME | |
| Personal name | Foster,John W. |
| 245 ## - TITLE STATEMENT | |
| Title | Microbiology:An Evolving Science |
| 250 ## - EDITION STATEMENT | |
| Edition statement | 2 |
| 260 ## - PUBLICATION, DISTRIBUTION, ETC. (IMPRINT) | |
| Place of publication | New York |
| Name of publisher | W.W.Norton |
| 300 ## - PHYSICAL DESCRIPTION | |
| Number of Pages | 1097, |
| Other physical details | Appendix -1, Biological Molecules- A1 to I 50 |
| 942 ## - ADDED ENTRY ELEMENTS (KOHA) | |
| Koha item type | Books |
| Withdrawn status | Lost status | Damaged status | Collection code | Home library | Current library | Shelving location | Date acquired | Source of acquisition | Cost, normal purchase price | Full call number | Accession Number | Koha item type |
|---|---|---|---|---|---|---|---|---|---|---|---|---|
| KAUAET | KAUAET | General Stacks | 27/06/2016 | Ajith Book Stall, Cochin | 3402.00 | 576 JOA/MI | 23804 | Books |
